Mi camino: silabario para adultos de hispanoamérica

Guardat en:
Dades bibliogràfiques
Autors principals: Vilches Acuña, Roberto (Autor), Martínez Bilbao, Oscar (Autor)
Format: Llibre
Idioma:espanyol
Publicat: Santiago Lord Cochrane 1963
Matèries:
Etiquetes: Afegir etiqueta
Sense etiquetes, Sigues el primer a etiquetar aquest registre!

MARC

LEADER 00000nam a2200000 a 4500
001 UCU0900
003 CL-VaPUC
008 960329e19630000CL |||||||||||||||||spa|d
082 0 4 |a 374.2  |b VIL  |2 21 
100 0 |a Vilches Acuña, Roberto  |e author  |9 356378 
700 0 |a Martínez Bilbao, Oscar  |e author  |9 356379 
245 1 0 |a Mi camino: silabario para adultos de hispanoamérica 
300 |a 63 p 
942 |c BK 
945 |d 19960329 00:00:00  |a cmena 
260 |a Santiago  |b Lord Cochrane  |c 1963 
650 0 |a Educación de adultos  |9 307580 
650 0 |a Alfabetización de adultos   |9 310117 
650 0 |a Material visual  |9 327831 
583 |a last modification  |c 19960329 00:00:00  |k Rodrigo Vera 
999 |c 245678  |d 245676 
952 |0 0  |1 0  |4 0  |6 374_200000000000000_VIL_1963  |7 0  |8 P  |9 260265  |a BIBEDU  |b BIBEDU  |c BIBEDU_PB  |d 2019-11-19  |i 1635239  |o 374.2 VIL 1963  |p 1635239  |r 2024-01-25  |w 2019-11-19  |y BK  |k EDU